[Event "XXIX Miedzynarodowy Festiwal Szachowy CRACOVIA-2018 Grupa A"]
[Site "Krakow, Hotel Galaxy, ul. Gesia 22a"]
[Date "2018.12.31"]
[Round "6.2"]
[White "Klekowski, Maciej"]
[Black "Hnydiuk, Aleksander"]
[Result "1/2-1/2"]
[BlackElo "2409"]
[WhiteElo "2499"]
[LiveChessVersion "1.4.8"]

1. c4 {[%clk 1:30:57]} Nf6 {[%clk 1:30:31]} 2. Nc3 {[%clk 1:31:17]} e5
{[%clk 1:30:52]} 3. g3 {[%clk 1:31:03]} Bb4 {[%clk 1:31:14]} 4. Nf3
{[%clk 1:30:39]} Bxc3 {[%clk 1:30:55]} 5. bxc3 {[%clk 1:29:25]} d6
{[%clk 1:26:29]} 6. Bg2 {[%clk 1:27:39]} O-O {[%clk 1:26:50]} 7. Rb1
{[%clk 1:25:17]} Nc6 {[%clk 1:23:15]} 8. O-O {[%clk 1:22:31]} Rb8
{[%clk 1:21:02]} 9. d3 {[%clk 1:22:36]} b6 {[%clk 1:16:43]} 10. e4
{[%clk 1:13:21]} Nd7 {[%clk 0:56:43]} 11. Ne1 {[%clk 1:08:53]} Ne7
{[%clk 0:50:33]} 12. Nc2 {[%clk 1:07:20]} Bb7 {[%clk 0:41:13]} 13. f4
{[%clk 1:02:31]} f5 {[%clk 0:41:18]} 14. Ne3 {[%clk 0:49:52]} 1/2-1/2

[Event "XXIX Miedzynarodowy Festiwal Szachowy CRACOVIA-2018 Grupa A"]
[Site "Krakow, Hotel Galaxy, ul. Gesia 22a"]
[Date "2018.12.31"]
[Round "6.3"]
[White "Zakrzewski, Marek"]
[Black "Janik, Igor"]
[Result "0-1"]
[BlackElo "2476"]
[WhiteElo "2311"]
[LiveChessVersion "1.4.8"]

1. e4 {[%clk 1:30:55]} c6 {[%clk 1:30:56]} 2. d4 {[%clk 1:31:16]} d5
{[%clk 1:31:22]} 3. Nd2 {[%clk 1:31:37]} dxe4 {[%clk 1:31:45]} 4. Nxe4
{[%clk 1:31:59]} Bf5 {[%clk 1:32:11]} 5. Ng3 {[%clk 1:32:17]} Bg6
{[%clk 1:32:35]} 6. h4 {[%clk 1:32:35]} h6 {[%clk 1:33:00]} 7. Nf3
{[%clk 1:32:58]} e6 {[%clk 1:33:26]} 8. Ne5 {[%clk 1:33:15]} Bh7 {[%clk 1:33:50]}
9. Bd3 {[%clk 1:33:34]} Bxd3 {[%clk 1:34:12]} 10. Qxd3 {[%clk 1:33:57]} Nd7
{[%clk 1:34:38]} 11. f4 {[%clk 1:33:52]} Be7 {[%clk 1:35:01]} 12. Bd2
{[%clk 1:33:25]} Nxe5 {[%clk 1:35:23]} 13. fxe5 {[%clk 1:33:33]} Bxh4
{[%clk 1:35:48]} 14. O-O-O {[%clk 1:33:01]} Bxg3 {[%clk 1:36:09]} 15. Qxg3
{[%clk 1:33:19]} Ne7 {[%clk 1:36:37]} 16. Qxg7 {[%clk 1:30:02]} Rg8
{[%clk 1:37:02]} 17. Qxh6 {[%clk 1:25:05]} Qd5 {[%clk 1:37:25]} 18. Kb1
{[%clk 1:20:01]} O-O-O {[%clk 1:36:41]} 19. Rhg1 {[%clk 0:47:21]} Nf5
{[%clk 1:26:03]} 20. Qh5 {[%clk 0:46:23]} Rd7 {[%clk 1:26:01]} 21. g4
{[%clk 0:42:21]} Nxd4 {[%clk 1:22:14]} 22. Bc3 {[%clk 0:42:27]} c5
{[%clk 1:21:14]} 23. Rgf1 {[%clk 0:40:38]} Qe4 {[%clk 1:19:11]} 24. Bxd4
{[%clk 0:40:34]} cxd4 {[%clk 1:19:34]} 25. Rxf7 {[%clk 0:32:08]} Qxg4
{[%clk 1:17:31]} 26. Qxg4 {[%clk 0:31:50]} Rxg4 {[%clk 1:17:59]} 27. Rf6
{[%clk 0:31:29]} Re7 {[%clk 1:18:10]} 28. c3 {[%clk 0:22:11]} dxc3
{[%clk 1:17:18]} 29. Rd6 {[%clk 0:22:33]} cxb2 {[%clk 1:15:02]} 30. Kxb2
{[%clk 0:21:39]} Rg2+ {[%clk 1:13:49]} 31. Kb3 {[%clk 0:21:36]} Rg3+
{[%clk 1:14:09]} 32. Kc2 {[%clk 0:12:06]} Rh7 {[%clk 1:08:05]} 33. Rd2
{[%clk 0:10:08]} Ra3 {[%clk 1:02:46]} 34. Kb2 {[%clk 0:08:58]} Ra6
{[%clk 1:01:13]} 35. a3 {[%clk 0:02:57]} Rb6+ {[%clk 0:59:06]} 36. Ka2
{[%clk 0:03:22]} Rc6 {[%clk 0:59:31]} 37. Kb2 {[%clk 0:01:23]} Kc7
{[%clk 0:58:33]} 38. Ka2 {[%clk 0:00:48]} Kb6 {[%clk 0:56:03]} 39. Rd6
{[%clk 0:01:06]} Re7 {[%clk 0:55:37]} 40. Kb3 {[%clk 0:31:10]} Kc5
{[%clk 1:25:36]} 41. Rd3 {[%clk 0:26:10]} Rec7 {[%clk 1:24:33]} 42. a4
{[%clk 0:23:16]} a5 {[%clk 1:22:11]} 43. Rh6 {[%clk 0:22:44]} Rf7
{[%clk 1:20:40]} 44. Ka3 {[%clk 0:18:05]} Kc4 {[%clk 1:16:10]} 45. Rb3
{[%clk 0:15:24]} Kd4 {[%clk 1:14:03]} 46. Rh4+ {[%clk 0:11:31]} Kd5
{[%clk 1:12:59]} 47. Rh5 {[%clk 0:10:32]} Rfc7 {[%clk 1:09:59]} 48. Rb5+
{[%clk 0:09:19]} Rc5 {[%clk 1:09:50]} 49. Rb6 {[%clk 0:09:44]} Rc3+
{[%clk 1:09:47]} 50. Kb2 {[%clk 0:10:09]} Rc2+ {[%clk 1:10:13]} 51. Kb1
{[%clk 0:10:33]} R2c6 {[%clk 1:10:33]} 52. Rb5+ {[%clk 0:10:25]} Rc5
{[%clk 1:10:34]} 53. Rb6 {[%clk 0:10:44]} Rc4 {[%clk 1:07:06]} 54. Rd6+
{[%clk 0:08:57]} Kc5 {[%clk 1:03:46]} 55. Rxe6 {[%clk 0:07:10]} Rb4+
{[%clk 1:02:21]} 56. Ka2 {[%clk 0:07:26]} Rxa4+ 57. Kb3 {[%clk 0:07:50]} Rb4+
{[%clk 1:02:57]} 58. Ka3 {[%clk 0:08:01]} Kb5 {[%clk 1:03:06]} 59. Rf6
{[%clk 0:05:09]} Rc3+ {[%clk 1:03:25]} 60. Ka2 {[%clk 0:05:32]} Ka4
{[%clk 1:03:52]} 0-1

[Event "XXIX Miedzynarodowy Festiwal Szachowy CRACOVIA-2018 Grupa A"]
[Site "Krakow, Hotel Galaxy, ul. Gesia 22a"]
[Date "2018.12.31"]
[Round "6.5"]
[White "Grela, Kacper"]
[Black "Cukrowski, Filip"]
[Result "1/2-1/2"]
[BlackElo "2416"]
[WhiteElo "2305"]
[LiveChessVersion "1.4.8"]

1. d4 {[%clk 1:30:56]} Nf6 {[%clk 1:22:39]} 2. c4 {[%clk 1:29:26]} e6
{[%clk 1:22:43]} 3. Nf3 {[%clk 1:29:47]} b6 {[%clk 1:23:05]} 4. Bf4
{[%clk 1:30:10]} d5 {[%clk 1:18:32]} 5. e3 {[%clk 1:30:15]} Bd6 {[%clk 1:18:15]}
6. Bxd6 {[%clk 1:28:05]} Qxd6 {[%clk 1:18:28]} 7. Nc3 {[%clk 1:28:07]} O-O
{[%clk 1:18:39]} 8. Bd3 {[%clk 1:27:27]} Ba6 {[%clk 1:18:34]} 9. cxd5
{[%clk 1:27:10]} exd5 {[%clk 1:16:02]} 10. O-O {[%clk 1:26:10]} Bxd3
{[%clk 1:07:35]} 11. Qxd3 {[%clk 1:24:22]} c6 {[%clk 1:08:00]} 12. Rab1
{[%clk 1:15:33]} Nbd7 {[%clk 1:04:44]} 13. b4 {[%clk 1:15:39]} Rac8
{[%clk 1:02:21]} 14. Rfd1 {[%clk 1:11:46]} Rfe8 {[%clk 1:02:27]} 15. b5
{[%clk 1:04:13]} c5 {[%clk 1:02:37]} 16. dxc5 {[%clk 1:03:42]} Nxc5
{[%clk 1:02:28]} 17. Qd4 {[%clk 0:55:52]} Nce4 {[%clk 1:02:08]} 18. Nxe4
{[%clk 0:55:12]} Nxe4 {[%clk 0:56:45]} 19. Rbc1 {[%clk 0:53:35]} Qa3
{[%clk 0:51:57]} 20. Rxc8 {[%clk 0:51:28]} Rxc8 {[%clk 0:50:10]} 21. Qxd5
{[%clk 0:42:47]} 1/2-1/2

[Event "XXIX Miedzynarodowy Festiwal Szachowy CRACOVIA-2018 Grupa A"]
[Site "Krakow, Hotel Galaxy, ul. Gesia 22a"]
[Date "2018.12.31"]
[Round "6.6"]
[White "Dzierzak, Radoslaw"]
[Black "Licznerski, Lukasz"]
[Result "1/2-1/2"]
[BlackElo "2326"]
[WhiteElo "2283"]
[LiveChessVersion "1.4.8"]

1. e4 {[%clk 1:30:58]} e5 {[%clk 1:20:06]} 2. Nf3 {[%clk 1:31:08]} Nc6
{[%clk 1:20:33]} 3. Bb5 {[%clk 1:31:29]} Nf6 {[%clk 1:20:45]} 4. Nc3
{[%clk 1:31:29]} Nd4 {[%clk 1:17:36]} 5. Bc4 {[%clk 1:31:24]} c6 {[%clk 1:17:13]}
6. Nxe5 {[%clk 1:24:53]} d5 {[%clk 1:17:35]} 7. exd5 {[%clk 1:24:29]} Bd6
{[%clk 1:18:02]} 8. Nf3 {[%clk 1:16:33]} Nxf3+ {[%clk 1:18:01]} 9. Qxf3
{[%clk 1:09:00]} O-O {[%clk 1:18:24]} 10. h3 {[%clk 1:05:34]} b5 {[%clk 1:14:21]}
11. Be2 {[%clk 1:04:10]} b4 {[%clk 1:14:10]} 12. Nd1 {[%clk 1:03:36]} cxd5
{[%clk 1:10:38]} 13. d4 {[%clk 0:56:11]} Qc7 {[%clk 0:57:37]} 14. Bd3
{[%clk 0:53:02]} Re8+ {[%clk 0:56:02]} 15. Be3 {[%clk 0:51:10]} Qb6
{[%clk 0:53:28]} 16. O-O {[%clk 0:51:14]} Bb8 {[%clk 0:53:55]} 17. Bf4
{[%clk 0:39:59]} Qxd4 {[%clk 0:53:44]} 18. Bxb8 {[%clk 0:40:12]} Rxb8
{[%clk 0:54:13]} 19. Ne3 {[%clk 0:38:57]} Qxb2 {[%clk 0:37:36]} 20. Nxd5
{[%clk 0:38:36]} Nxd5 {[%clk 0:37:54]} 21. Qxd5 {[%clk 0:38:33]} Be6
{[%clk 0:38:06]} 22. Qc5 {[%clk 0:34:06]} Qa3 {[%clk 0:36:54]} 23. f4
{[%clk 0:32:31]} Rec8 {[%clk 0:33:40]} 24. Qd4 {[%clk 0:29:14]} Rd8
{[%clk 0:25:08]} 25. Qf2 {[%clk 0:26:46]} Bd5 {[%clk 0:21:11]} 26. Qh4
{[%clk 0:21:29]} h6 {[%clk 0:20:42]} 27. Qh5 {[%clk 0:17:18]} Qc3
{[%clk 0:15:16]} 28. Qf5 {[%clk 0:12:35]} g6 {[%clk 0:15:07]} 29. Qg4
{[%clk 0:11:22]} Bc4 {[%clk 0:13:45]} 30. f5 {[%clk 0:08:38]} Bxd3
{[%clk 0:13:37]} 31. cxd3 {[%clk 0:09:04]} g5 {[%clk 0:12:39]} 32. f6
{[%clk 0:05:06]} Qd4+ {[%clk 0:11:37]} 33. Qxd4 {[%clk 0:04:44]} Rxd4
{[%clk 0:12:05]} 34. Rac1 {[%clk 0:04:13]} Rxd3 {[%clk 0:11:37]} 35. Rc7
{[%clk 0:04:28]} Ra3 {[%clk 0:11:36]} 36. Rf2 {[%clk 0:04:06]} Rf8
{[%clk 0:05:40]} 37. h4 {[%clk 0:03:22]} Kh7 {[%clk 0:01:54]} 38. hxg5
{[%clk 0:01:16]} hxg5 {[%clk 0:02:02]} 39. Rc5 {[%clk 0:01:22]} Kg6
{[%clk 0:00:56]} 40. Rff5 {[%clk 0:30:56]} Rb8 {[%clk 0:30:33]} 41. Rxg5+
{[%clk 0:29:27]} Kxf6 {[%clk 0:28:55]} 42. Rgf5+ {[%clk 0:27:52]} Kg6
{[%clk 0:24:27]} 43. Rg5+ {[%clk 0:27:45]} Kf6 {[%clk 0:24:53]} 44. Rgf5+
{[%clk 0:28:06]} Kg7 {[%clk 0:25:12]} 45. Ra5 {[%clk 0:25:51]} Rxa5 46. Rxa5
{[%clk 0:26:15]} Rb7 {[%clk 0:23:16]} 47. Ra6 {[%clk 0:26:00]} Kf8
{[%clk 0:21:51]} 48. Kf2 {[%clk 0:24:51]} Ke7 {[%clk 0:22:20]} 49. Ke3
{[%clk 0:23:50]} b3 {[%clk 0:22:08]} 50. axb3 {[%clk 0:24:15]} Rxb3+
{[%clk 0:22:35]} 51. Ke4 {[%clk 0:23:28]} Rb7 {[%clk 0:22:45]} 52. Ke5
{[%clk 0:22:34]} Kd7 {[%clk 0:15:13]} 53. g4 {[%clk 0:21:26]} Ke7
{[%clk 0:14:56]} 54. Ke4 1/2-1/2

[Event "XXIX Miedzynarodowy Festiwal Szachowy CRACOVIA-2018 Grupa A"]
[Site "Krakow, Hotel Galaxy, ul. Gesia 22a"]
[Date "2018.12.31"]
[Round "6.7"]
[White "Marszalek, Maciej"]
[Black "Jarmula, Lukasz"]
[Result "1/2-1/2"]
[BlackElo "2481"]
[WhiteElo "2280"]
[LiveChessVersion "1.4.8"]

1. Nf3 {[%clk 1:30:42]} c5 {[%clk 1:30:50]} 2. c4 {[%clk 1:30:57]} Nc6
{[%clk 1:31:14]} 3. Nc3 {[%clk 1:31:23]} g6 {[%clk 1:31:10]} 4. g3
{[%clk 1:31:30]} Bg7 {[%clk 1:31:34]} 5. Bg2 {[%clk 1:31:53]} d6 {[%clk 1:31:44]}
6. O-O {[%clk 1:31:19]} e5 {[%clk 1:32:07]} 7. d3 {[%clk 1:31:06]} Nge7
{[%clk 1:32:29]} 8. Ne1 {[%clk 1:29:08]} Be6 {[%clk 1:32:36]} 9. Nc2
{[%clk 1:29:18]} d5 {[%clk 1:31:04]} 10. cxd5 {[%clk 1:27:27]} Nxd5
{[%clk 1:31:26]} 11. Ne3 {[%clk 1:26:32]} Nde7 {[%clk 1:30:43]} 12. Nc4
{[%clk 1:19:29]} O-O {[%clk 1:25:29]} 13. Be3 {[%clk 1:16:00]} b6
{[%clk 1:22:05]} 14. Qc1 {[%clk 1:06:24]} Rc8 {[%clk 1:11:06]} 15. Bh6
{[%clk 1:04:24]} Nd5 {[%clk 1:05:05]} 16. Bxg7 {[%clk 1:03:17]} Kxg7
{[%clk 0:55:14]} 17. Ne3 {[%clk 1:02:58]} Nde7 {[%clk 0:54:40]} 18. Nc4
{[%clk 0:56:10]} a6 {[%clk 0:52:13]} 19. a4 {[%clk 0:53:33]} f6 {[%clk 0:49:22]}
20. Kh1 {[%clk 0:43:38]} Nd4 {[%clk 0:47:35]} 21. Nd2 {[%clk 0:42:21]} Nec6
{[%clk 0:46:12]} 22. Qd1 {[%clk 0:41:11]} Nb4 {[%clk 0:44:32]} 23. Rc1
{[%clk 0:38:50]} Rc7 {[%clk 0:41:40]} 24. Qe1 {[%clk 0:30:38]} Re7
{[%clk 0:37:04]} 25. f3 {[%clk 0:25:17]} f5 {[%clk 0:35:01]} 26. Qf2
{[%clk 0:24:53]} Bc8 {[%clk 0:32:24]} 27. Nc4 {[%clk 0:23:52]} h5
{[%clk 0:28:41]} 28. Rcd1 {[%clk 0:22:48]} Bb7 {[%clk 0:25:17]} 29. f4
{[%clk 0:20:29]} exf4 {[%clk 0:17:37]} 30. gxf4 {[%clk 0:19:51]} Qa8
{[%clk 0:16:12]} 31. e4 {[%clk 0:17:41]} fxe4 {[%clk 0:13:49]} 32. dxe4
{[%clk 0:17:56]} Qb8 {[%clk 0:10:41]} 33. Nxb6 {[%clk 0:08:44]} Bxe4
{[%clk 0:10:23]} 34. Nxe4 {[%clk 0:08:58]} Qxb6 {[%clk 0:10:37]} 35. Nxc5
{[%clk 0:08:41]} Ne2 {[%clk 0:06:17]} 36. Rd7 {[%clk 0:05:57]} Rxd7
{[%clk 0:05:06]} 37. Nxd7 {[%clk 0:06:25]} Qxf2 {[%clk 0:05:15]} 38. Rxf2
{[%clk 0:06:54]} Rd8 {[%clk 0:04:13]} 39. Rxe2 {[%clk 0:07:11]} Rxd7
{[%clk 0:04:37]} 40. Be4 {[%clk 0:36:38]} Rf7 {[%clk 0:33:14]} 41. f5
{[%clk 0:25:15]} 1/2-1/2

[Event "XXIX Miedzynarodowy Festiwal Szachowy CRACOVIA-2018 Grupa A"]
[Site "Krakow, Hotel Galaxy, ul. Gesia 22a"]
[Date "2018.12.31"]
[Round "6.10"]
[White "Lewtak, Damian"]
[Black "Roshka, Yevgeniy"]
[Result "1/2-1/2"]
[BlackElo "2293"]
[WhiteElo "2393"]
[LiveChessVersion "1.4.8"]

1. d4 {[%clk 1:30:55]} d6 {[%clk 1:14:47]} 2. e4 {[%clk 1:31:05]} g6
{[%clk 1:15:00]} 3. Nc3 {[%clk 1:29:24]} Bg7 {[%clk 1:15:28]} 4. f4
{[%clk 1:29:37]} Nf6 {[%clk 1:10:37]} 5. Nf3 {[%clk 1:30:02]} O-O
{[%clk 1:11:03]} 6. e5 {[%clk 1:30:29]} dxe5 {[%clk 1:11:26]} 7. dxe5
{[%clk 1:30:54]} Qxd1+ {[%clk 1:10:51]} 8. Kxd1 {[%clk 1:31:19]} Ng4
{[%clk 1:02:07]} 9. Ke1 {[%clk 1:31:33]} c6 {[%clk 0:57:42]} 10. h3
{[%clk 1:31:40]} Nh6 {[%clk 0:58:09]} 11. g4 {[%clk 1:32:06]} f6 {[%clk 0:48:20]}
12. Bc4+ {[%clk 1:32:26]} Kh8 {[%clk 0:48:23]} 13. e6 {[%clk 1:24:31]} Na6
{[%clk 0:47:45]} 14. Bxa6 {[%clk 1:24:29]} bxa6 {[%clk 0:48:13]} 15. f5
{[%clk 1:24:53]} gxf5 {[%clk 0:48:33]} 16. Bxh6 {[%clk 1:25:15]} Bxh6
{[%clk 0:49:01]} 17. gxf5 {[%clk 1:25:39]} c5 {[%clk 0:49:17]} 18. Kf2
{[%clk 1:20:32]} Bb7 {[%clk 0:48:32]} 19. Rad1 {[%clk 1:20:36]} Rfd8
{[%clk 0:48:53]} 20. Rd3 {[%clk 1:09:06]} Rxd3 {[%clk 0:41:55]} 21. cxd3
{[%clk 1:09:34]} Rd8 {[%clk 0:42:24]} 22. Rd1 {[%clk 1:09:05]} Bf4
{[%clk 0:37:42]} 23. d4 {[%clk 1:02:23]} cxd4 {[%clk 0:29:26]} 24. Rxd4
{[%clk 1:02:31]} Rxd4 {[%clk 0:28:53]} 25. Nxd4 {[%clk 1:02:55]} Kg7
{[%clk 0:28:29]} 26. Nb3 {[%clk 0:59:51]} Be5 {[%clk 0:27:35]} 27. Na5
{[%clk 0:59:50]} Ba8 {[%clk 0:21:54]} 28. Nc4 {[%clk 1:00:16]} Bxc3 29. bxc3
{[%clk 1:00:28]} Bd5 {[%clk 0:19:12]} 30. Nd2 {[%clk 0:58:14]} Bxa2
{[%clk 0:15:07]} 31. c4 {[%clk 0:58:37]} a5 {[%clk 0:15:32]} 32. Ke3
{[%clk 0:58:01]} a4 {[%clk 0:16:01]} 33. Kd4 {[%clk 0:58:20]} a3 {[%clk 0:16:30]}
34. Kc3 {[%clk 0:57:49]} Kf8 {[%clk 0:06:32]} 35. Nb3 {[%clk 0:58:11]} Bxb3
{[%clk 0:05:40]} 36. Kxb3 {[%clk 0:49:04]} Ke8 {[%clk 0:06:05]} 37. Kxa3
{[%clk 0:49:30]} Kd8 {[%clk 0:06:31]} 38. Kb4 {[%clk 0:49:51]} Kc7
{[%clk 0:06:40]} 39. Kb5 {[%clk 0:50:05]} Kb7 {[%clk 0:06:37]} 40. h4
{[%clk 1:19:56]} a6+ {[%clk 0:36:05]} 41. Ka5 {[%clk 1:20:15]} Ka7
{[%clk 0:36:09]} 42. h5 {[%clk 1:16:42]} Kb7 {[%clk 0:35:44]} 43. c5
{[%clk 1:16:32]} h6 {[%clk 0:36:11]} 44. c6+ {[%clk 1:16:43]} Kxc6
{[%clk 0:36:31]} 45. Kxa6 {[%clk 1:17:04]} Kc7 {[%clk 0:36:57]} 46. Ka7
{[%clk 1:17:03]} Kc8 {[%clk 0:37:23]} 47. Kb6 {[%clk 1:17:30]} Kb8
{[%clk 0:37:49]} 1/2-1/2

[Event "XXIX Miedzynarodowy Festiwal Szachowy CRACOVIA-2018 Grupa A"]
[Site "Krakow, Hotel Galaxy, ul. Gesia 22a"]
[Date "2018.12.31"]
[Round "6.11"]
[White "Galperin, Platon"]
[Black "Lee, Qing Aun"]
[Result "1-0"]
[BlackElo "2297"]
[WhiteElo "2363"]
[LiveChessVersion "1.4.8"]

1. c4 {[%clk 1:17:07]} Nf6 {[%clk 1:29:30]} 2. Nc3 {[%clk 1:17:33]} e6
{[%clk 1:29:45]} 3. Nf3 {[%clk 1:17:54]} d5 {[%clk 1:30:00]} 4. e3
{[%clk 1:16:10]} Be7 {[%clk 1:29:35]} 5. b3 {[%clk 1:16:24]} O-O {[%clk 1:29:07]}
6. Bb2 {[%clk 1:16:52]} c5 {[%clk 1:29:04]} 7. cxd5 {[%clk 1:17:20]} exd5
{[%clk 1:27:52]} 8. d4 {[%clk 1:17:47]} Nc6 {[%clk 1:18:57]} 9. Be2
{[%clk 1:16:25]} Bf5 {[%clk 1:11:18]} 10. O-O {[%clk 1:15:50]} a6
{[%clk 1:10:54]} 11. Rc1 {[%clk 1:14:00]} b6 {[%clk 0:57:25]} 12. dxc5
{[%clk 1:10:24]} bxc5 {[%clk 0:57:53]} 13. Na4 {[%clk 1:09:59]} Ne4
{[%clk 0:58:01]} 14. Nd2 {[%clk 1:10:21]} Bd6 {[%clk 0:39:32]} 15. Nxe4
{[%clk 1:08:46]} dxe4 {[%clk 0:39:48]} 16. Nxc5 {[%clk 1:07:53]} Qe7
{[%clk 0:39:49]} 17. Qd5 {[%clk 1:01:16]} Bg6 {[%clk 0:29:58]} 18. Qxc6
{[%clk 0:53:38]} Rfc8 {[%clk 0:30:20]} 19. Qb7 {[%clk 0:51:07]} Bxc5
{[%clk 0:29:03]} 20. Bxa6 {[%clk 0:49:05]} Rcb8 {[%clk 0:26:21]} 21. Qxe7
{[%clk 0:44:49]} Bxe7 {[%clk 0:26:47]} 22. Rc6 {[%clk 0:42:56]} f5
{[%clk 0:26:54]} 23. Be5 {[%clk 0:36:37]} Rd8 {[%clk 0:25:08]} 24. Bc4+
{[%clk 0:36:43]} Bf7 {[%clk 0:23:55]} 25. a4 {[%clk 0:36:38]} Bxc4
{[%clk 0:23:25]} 26. Rxc4 {[%clk 0:37:04]} Rd3 {[%clk 0:23:42]} 27. Rb1
{[%clk 0:36:42]} Rad8 {[%clk 0:24:00]} 28. g4 {[%clk 0:30:29]} g6
{[%clk 0:22:40]} 29. b4 {[%clk 0:29:38]} Kf7 {[%clk 0:21:09]} 30. b5
{[%clk 0:29:04]} Ke6 {[%clk 0:21:02]} 31. Bc7 {[%clk 0:26:17]} Rd1+
{[%clk 0:21:05]} 32. Rxd1 {[%clk 0:26:46]} Rxd1+ {[%clk 0:21:28]} 33. Kg2
{[%clk 0:27:15]} Rb1 {[%clk 0:21:04]} 34. b6 {[%clk 0:27:12]} Rb2
{[%clk 0:21:20]} 35. a5 {[%clk 0:27:23]} Bh4 {[%clk 0:21:45]} 36. Bg3
{[%clk 0:27:28]} Bd8 {[%clk 0:21:19]} 37. gxf5+ {[%clk 0:27:29]} gxf5
{[%clk 0:21:46]} 38. Bc7 {[%clk 0:26:50]} Bh4 {[%clk 0:22:01]} 39. a6
{[%clk 0:23:27]} Bxf2 {[%clk 0:21:19]} 40. Rb4 {[%clk 0:48:16]} Ra2
{[%clk 0:48:05]} 41. Ra4 {[%clk 0:46:22]} Rxa4 {[%clk 0:46:19]} 42. Kxf2
{[%clk 0:45:15]} Kd7 {[%clk 0:44:53]} 43. Be5 {[%clk 0:45:39]} Rxa6
{[%clk 0:44:53]} 44. b7 {[%clk 0:46:07]} 1-0

[Event "XXIX Miedzynarodowy Festiwal Szachowy CRACOVIA-2018 Grupa A"]
[Site "Krakow, Hotel Galaxy, ul. Gesia 22a"]
[Date "2018.12.31"]
[Round "6.12"]
[White "Lewicki, Miroslaw"]
[Black "Marczuk, Dominik"]
[Result "0-1"]
[BlackElo "2274"]
[WhiteElo "2347"]
[LiveChessVersion "1.4.8"]

1. e4 {[%clk 1:29:10]} c6 {[%clk 1:30:49]} 2. d4 {[%clk 1:26:35]} d5
{[%clk 1:31:12]} 3. Nd2 {[%clk 1:26:37]} dxe4 {[%clk 1:30:54]} 4. Nxe4
{[%clk 1:26:58]} Bf5 {[%clk 1:31:01]} 5. Ng3 {[%clk 1:27:13]} Bg6
{[%clk 1:31:24]} 6. Nf3 {[%clk 1:25:50]} Nd7 {[%clk 1:31:26]} 7. h4
{[%clk 1:24:42]} h6 {[%clk 1:31:39]} 8. h5 {[%clk 1:24:06]} Bh7 {[%clk 1:32:01]}
9. Bd3 {[%clk 1:24:18]} Bxd3 {[%clk 1:31:18]} 10. Qxd3 {[%clk 1:24:42]} e6
{[%clk 1:31:32]} 11. Bd2 {[%clk 1:20:22]} Ngf6 {[%clk 1:27:26]} 12. O-O-O
{[%clk 1:20:07]} Be7 {[%clk 1:27:34]} 13. Kb1 {[%clk 1:10:42]} O-O
{[%clk 1:22:08]} 14. Qe2 {[%clk 1:09:47]} c5 {[%clk 1:02:41]} 15. Bc1
{[%clk 1:06:41]} Qb6 {[%clk 0:54:49]} 16. d5 {[%clk 1:05:33]} exd5
{[%clk 0:45:50]} 17. Nf5 {[%clk 1:05:57]} Bd6 {[%clk 0:45:13]} 18. g4
{[%clk 1:01:04]} Rfe8 {[%clk 0:38:59]} 19. Qf1 {[%clk 1:01:27]} Ne4
{[%clk 0:33:38]} 20. Ka1 {[%clk 1:01:51]} d4 {[%clk 0:32:31]} 21. Bxh6
{[%clk 0:52:27]} gxh6 {[%clk 0:27:58]} 22. Nxh6+ {[%clk 0:52:52]} Kf8
{[%clk 0:26:47]} 23. Qc4 {[%clk 0:53:01]} Re6 {[%clk 0:25:14]} 24. Nf5
{[%clk 0:43:27]} Qa6 {[%clk 0:21:16]} 25. h6 {[%clk 0:41:57]} Kg8
{[%clk 0:17:37]} 26. h7+ {[%clk 0:40:31]} Kh8 {[%clk 0:18:02]} 27. Qxa6
{[%clk 0:36:05]} bxa6 {[%clk 0:18:26]} 28. Rde1 {[%clk 0:36:33]} Bf4
{[%clk 0:15:48]} 29. Re2 {[%clk 0:34:17]} Rae8 {[%clk 0:14:31]} 30. b4
{[%clk 0:34:12]} Ng5 {[%clk 0:09:57]} 31. Rxe6 {[%clk 0:32:33]} Rxe6
{[%clk 0:09:41]} 32. Ne1 {[%clk 0:32:41]} Bd2 {[%clk 0:07:34]} 33. Nd3
{[%clk 0:33:05]} c4 {[%clk 0:07:06]} 34. Nb2 {[%clk 0:33:32]} Bc3
{[%clk 0:06:14]} 35. Kb1 {[%clk 0:34:01]} Nb6 {[%clk 0:04:27]} 36. a3
{[%clk 0:33:57]} Nxh7 {[%clk 0:03:45]} 37. f4 {[%clk 0:33:16]} Re4
{[%clk 0:02:21]} 38. Rf1 {[%clk 0:33:12]} Bxb2 {[%clk 0:02:13]} 39. Kxb2
{[%clk 0:33:29]} Kg8 {[%clk 0:01:09]} 40. g5 {[%clk 1:03:09]} Nd5
{[%clk 0:30:47]} 0-1

[Event "XXIX Miedzynarodowy Festiwal Szachowy CRACOVIA-2018 Grupa A"]
[Site "Krakow, Hotel Galaxy, ul. Gesia 22a"]
[Date "2018.12.31"]
[Round "6.14"]
[White "Schreiner, Peter"]
[Black "Lukasiewicz, Krzysztof"]
[Result "1-0"]
[BlackElo "2223"]
[WhiteElo "2479"]
[LiveChessVersion "1.4.8"]

1. d4 Nf6 2. c4 e6 3. g3 d5 4. Bg2 dxc4 5. Qa4+ Bd7 6. Qxc4 Bc6 7. Nf3 Bd5 8.
Qb5+ Bc6 9. Qd3 Be4 10. Qd1 c5 11. Nc3 Bc6 12. O-O Nbd7 13. Bg5 Be7 14. dxc5 Nxc5
15. Qc2 a5 16. Rfd1 Qb6 17. Bh3 Nce4 18. Be3 Qa6 19. Nd4 Nxc3 20. bxc3 Nd5 21.
Bd2 O-O 22. Bf1 Qb6 23. Rab1 Qc7 24. Nxc6 Qxc6 25. Qb3 Bf6 26. c4 a4 27. Qd3 Nb6
28. Bg2 Qc7 29. Bb4 Rfd8 30. Bd6 Rxd6 31. Qxd6 Qxd6 32. Rxd6 Nxc4 33. Bxb7 Rb8
34. Rc6 Na5 35. Rc8+ Rxc8 36. Bxc8 Nc4 37. Rb4 Nd6 38. Rxa4 1-0

[Event "XXIX Miedzynarodowy Festiwal Szachowy CRACOVIA-2018 Grupa A"]
[Site "Krakow, Hotel Galaxy, ul. Gesia 22a"]
[Date "2018.12.31"]
[Round "6.15"]
[White "Tomczak, Mikolaj"]
[Black "Miroshnichenko, Pavel"]
[Result "0-1"]
[BlackElo "2275"]
[WhiteElo "2442"]
[LiveChessVersion "1.4.8"]

1. b3 Nf6 2. Bb2 c5 3. f4 Nc6 4. Nf3 g6 5. e3 Bg7 6. Bb5 O-O 7. Bxc6 dxc6 8. O-O
a5 9. a4 Be6 10. d3 Nd5 11. Bxg7 Kxg7 12. Qe1 f6 13. Nc3 Qb6 14. Ne4 Bf7 15. Qf2
Qa7 16. Rae1 b5 17. c4 Nb4 18. Rd1 Rad8 19. Qe2 Rd7 20. Rd2 Rfd8 21. Rfd1 Qb6 22.
h3 bxa4 23. bxa4 Rxd3 24. Rxd3 Rxd3 25. Rxd3 Bxc4 26. Nf2 Nxd3 27. Nd2 Ba6 28.
Nxd3 c4 29. Nc1 c3 30. Qe1 cxd2 31. Qxd2 Qb4 32. Qd1 Qc3 33. Kf2 Bc4 34. g4 Qb2+
35. Kg3 Bd5 36. Ne2 Bb3 37. Qe1 Bxa4 38. Nd4 Qb4 39. Qc1 Bb5 40. f5 Bc4 41. g5
Bd5 42. gxf6+ exf6 0-1

[Event "XXIX Miedzynarodowy Festiwal Szachowy CRACOVIA-2018 Grupa A"]
[Site "Krakow, Hotel Galaxy, ul. Gesia 22a"]
[Date "2018.12.31"]
[Round "6.16"]
[White "Zochowski, Kacper"]
[Black "Kosakowski, Jakub"]
[Result "0-1"]
[BlackElo "2415"]
[WhiteElo "2271"]
[LiveChessVersion "1.4.8"]

1. d4 Nf6 2. Nf3 e6 3. Bf4 c5 4. e3 Nc6 5. c3 d5 6. Nbd2 Bd6 7. Bg3 O-O 8. Bd3 b6
9. Ne5 Ne7 10. O-O Bb7 11. Qe2 {[%clk 0:58:10]} Nf5 12. Bf4 Be7 13. Rfd1 Nd6 14.
h3 c4 15. Bc2 b5 16. Bg5 Nfe4 17. Bxe7 Qxe7 18. f3 Nxd2 19. Rxd2 a5
{[%clk 1:07:46]} 20. e4 Rad8 21. exd5 Bxd5 22. Be4 Qb7 23. Bxd5 exd5 24. Qd1 Rfe8
25. Qc2 {[%clk 0:07:47]} f6 26. Ng4 Qd7 27. Rdd1 h5 28. Nh2 Qf5 29. Qd2 Re7 30.
Re1 Rde8 31. Nf1 Kf7 32. Rxe7+ Rxe7 33. a4 bxa4 34. Ng3 Qd3 35. Qf4 Re6 36. Nxh5
g5 37. Qg4 Qe3+ 38. Kh2 f5 39. Qg3 Kg6 40. Rxa4 Kxh5 41. Rxa5 Qc1
{[%clk 0:46:34]} 42. h4 {[%clk 0:18:40]} gxh4 43. Qg7 Qf4+ 44. Kh3 Qg5 45. g4+
hxg3 46. Qxg5+ Kxg5 47. Kxg3 f4+ 48. Kh3 Nf5 49. Rxd5 Re3 50. Kg2 Re2+ 51. Kh3
Rf2 0-1